00830 2200301 4500001002100000005001500021035002000036007000300056008004100059040001700100100002900117245006800146250001000214300003300224020001800257041000800275082001000283084001600293090001900309260004200328650001500370850001000385264003700395336002100432337003000453338002300483990002200506INLIS00000000001420220260527042903 a0010-0526000052ta260527 0  aSBPUPADbind aDjon Irwanto:ePengarang1 aPerancangan Object Oriented Software Dengan UML /cDjon Irwanto aCet.1 a196 hlm :billus ;c16x23 cm a979-763-157-507aInd a005.1 a005.1 DJO p a650 BAM m T6-1 a--Yogyakarta :bLily Publisher,c2014 4aPemograman aPUPAD aYogyakarta :bAndi Offset,c2006 2rdacontentaTeks 2rdamediaaTanpa Perantara 2rdacarrieravolume a39.448/S/DPK/2025